Statistics for Biggest Cities By Letter - N

Click here to take the quiz!

General Stats

  • This quiz has been taken 171 times
  • The average score is 9 of 20

Answer Stats

PopulationCountryCity% Correct
20,673,000United StatesNew York City
97%
4,457,000KenyaNairobi
94%
3,726,000ItalyNaples
92%
10,183,000JapanNagoya
75%
966,000FranceNice
65%
5,770,000ChinaNanjing
63%
1,199,000NigerNiamey
61%
1,040,000ChadNiamey
61%
1,020,000GermanyNuremberg
48%
1,105,000BurmaNay Pyi Taw
41%
1,014,000United StatesNashville
36%
1,342,000BrazilNatal
30%
2,605,000IndiaNagpur
29%
2,277,000ChinaNanning
27%
3,312,000ChinaNingbo
17%
2,469,000ChinaNanchang
13%
970,000JapanNaha
7%
1,036,000ChinaNantong
6%
1,635,000IndiaNashik
5%
1,247,000RussiaNizhni Novgorod
3%

Score Distribution

Percentile by Number Answered

Percent of People with Each Score

Your Score History

You have not taken this quiz